Instrumentation and control: fundamentals and applications

Guardat en:
Dades bibliogràfiques
Autor principal: Nachtigal, Chester L. (Autor)
Format: Llibre
Idioma:anglès
Publicat: Nueva York John Wiley 1990
Col·lecció:Wiley Series in Mechanical Engineering Practice
Matèries:
Etiquetes: Afegir etiqueta
Sense etiquetes, Sigues el primer a etiquetar aquest registre!

MARC

LEADER 00000nam a2200000 a 4500
001 UCU0266
003 CL-VaPUC
008 960322e19900000US |||||||||||||||||eng|d
082 0 4 |a 681.2  |b NAC  |2 21 
100 |a Nachtigal, Chester L.  |e author  |9 355272 
245 1 0 |a Instrumentation and control: fundamentals and applications 
300 |a 890 p 
942 |c BK 
945 |d 19960322 00:00:00  |a rbrito 
260 |a Nueva York  |b John Wiley  |c 1990 
650 7 |a INSTRUMENTOS DE INGENIERIA  |2 CL-VaPUC  |9 263261 
650 0 |a Sistemas dinámicos   |9 260496 
650 7 |a CALIBRADORES  |2 CL-VaPUC  |9 355273 
650 0 |a Dispositivos electrónicos   |9 355274 
650 0 |a Velocidad  |9 311814 
650 0 |a Fuerza  |9 345825 
650 7 |a TEMPERATURA  |2 CL-VaPUC  |9 355275 
583 |a last modification  |c 19960322 00:00:00  |k Rodrigo Vera 
490 0 |a Wiley Series in Mechanical Engineering Practice 
999 |c 245143  |d 245141 
952 |0 0  |1 0  |4 0  |6 681_200000000000000_NAC_1990  |7 0  |8 A  |9 259558  |a BIBING  |b BIBING  |d 2019-11-19  |i 3183432  |o 681.2 NAC 1990  |p 3183432  |r 2025-01-20  |w 2019-11-19  |y BK  |k EIE